|
|
|
|
| LEADER |
03889nam a22005655i 4500 |
| 001 |
978-3-642-12678-9 |
| 003 |
DE-He213 |
| 005 |
20151204154317.0 |
| 007 |
cr nn 008mamaa |
| 008 |
100429s2010 gw | s |||| 0|eng d |
| 020 |
|
|
|a 9783642126789
|9 978-3-642-12678-9
|
| 024 |
7 |
|
|a 10.1007/978-3-642-12678-9
|2 doi
|
| 040 |
|
|
|d GrThAP
|
| 050 |
|
4 |
|a QA76.9.A25
|
| 072 |
|
7 |
|a URY
|2 bicssc
|
| 072 |
|
7 |
|a COM053000
|2 bisacsh
|
| 082 |
0 |
4 |
|a 005.82
|2 23
|
| 245 |
1 |
0 |
|a Progress in Cryptology – AFRICACRYPT 2010
|h [electronic resource] :
|b Third International Conference on Cryptology in Africa, Stellenbosch, South Africa, May 3-6, 2010. Proceedings /
|c edited by Daniel J. Bernstein, Tanja Lange.
|
| 264 |
|
1 |
|a Berlin, Heidelberg :
|b Springer Berlin Heidelberg,
|c 2010.
|
| 300 |
|
|
|a XIII, 437 p. 43 illus.
|b online resource.
|
| 336 |
|
|
|a text
|b txt
|2 rdacontent
|
| 337 |
|
|
|a computer
|b c
|2 rdamedia
|
| 338 |
|
|
|a online resource
|b cr
|2 rdacarrier
|
| 347 |
|
|
|a text file
|b PDF
|2 rda
|
| 490 |
1 |
|
|a Lecture Notes in Computer Science,
|x 0302-9743 ;
|v 6055
|
| 505 |
0 |
|
|a Signatures -- A New RSA-Based Signature Scheme -- Fair Blind Signatures without Random Oracles -- Fair Partially Blind Signatures -- Attacks -- Parallel Shortest Lattice Vector Enumeration on Graphics Cards -- Flexible Partial Enlargement to Accelerate Gröbner Basis Computation over -- Factoring RSA Modulus Using Prime Reconstruction from Random Known Bits -- Protocols -- Proofs of Restricted Shuffles -- Batch Range Proof for Practical Small Ranges -- Optimistic Fair Priced Oblivious Transfer -- Networks -- Information-Theoretically Secure Key-Insulated Multireceiver Authentication Codes -- Simple and Communication Complexity Efficient Almost Secure and Perfectly Secure Message Transmission Schemes -- Communication Efficient Perfectly Secure VSS and MPC in Asynchronous Networks with Optimal Resilience -- Elliptic Curves -- Avoiding Full Extension Field Arithmetic in Pairing Computations -- ECC2K-130 on Cell CPUs -- Side-Channel Attacks and Fault Attacks -- Practical Improvements of Profiled Side-Channel Attacks on a Hardware Crypto-Accelerator -- Differential Fault Analysis of HC-128 -- Fresh Re-keying: Security against Side-Channel and Fault Attacks for Low-Cost Devices -- Public-Key Encryption -- Strong Cryptography from Weak Secrets -- Efficient Unidirectional Proxy Re-Encryption -- Public-Key Encryption with Non-Interactive Opening: New Constructions and Stronger Definitions -- Keys and PUFs -- Flexible Group Key Exchange with On-demand Computation of Subgroup Keys -- Quantum Readout of Physical Unclonable Functions -- Ciphers and Hash Functions -- Parallelizing the Camellia and SMS4 Block Ciphers -- Improved Linear Differential Attacks on CubeHash -- Cryptanalysis of the 10-Round Hash and Full Compression Function of SHAvite-3-512.
|
| 650 |
|
0 |
|a Computer science.
|
| 650 |
|
0 |
|a Computer communication systems.
|
| 650 |
|
0 |
|a Operating systems (Computers).
|
| 650 |
|
0 |
|a Computer security.
|
| 650 |
|
0 |
|a Data encryption (Computer science).
|
| 650 |
|
0 |
|a Algorithms.
|
| 650 |
|
0 |
|a Management information systems.
|
| 650 |
1 |
4 |
|a Computer Science.
|
| 650 |
2 |
4 |
|a Data Encryption.
|
| 650 |
2 |
4 |
|a Computer Communication Networks.
|
| 650 |
2 |
4 |
|a Management of Computing and Information Systems.
|
| 650 |
2 |
4 |
|a Algorithm Analysis and Problem Complexity.
|
| 650 |
2 |
4 |
|a Systems and Data Security.
|
| 650 |
2 |
4 |
|a Operating Systems.
|
| 700 |
1 |
|
|a Bernstein, Daniel J.
|e editor.
|
| 700 |
1 |
|
|a Lange, Tanja.
|e editor.
|
| 710 |
2 |
|
|a SpringerLink (Online service)
|
| 773 |
0 |
|
|t Springer eBooks
|
| 776 |
0 |
8 |
|i Printed edition:
|z 9783642126772
|
| 830 |
|
0 |
|a Lecture Notes in Computer Science,
|x 0302-9743 ;
|v 6055
|
| 856 |
4 |
0 |
|u http://dx.doi.org/10.1007/978-3-642-12678-9
|z Full Text via HEAL-Link
|
| 912 |
|
|
|a ZDB-2-SCS
|
| 912 |
|
|
|a ZDB-2-LNC
|
| 950 |
|
|
|a Computer Science (Springer-11645)
|